Estadísticas para Países con los mejores pasaportes

Haz click aquí para intentar la prueba.

Estadísticas generales

  • Esta prueba ha sido intentada 1.120 veces
    (256 desde el último reinicio)
  • La puntuación promedio es 21 de 23

Estadísticas de respuestas

#País% Correcto
174España
99%
174Francia
99%
174Italia
98%
174Alemania
97%
171Reino Unido
96%
173Suecia
96%
174Suiza
96%
173Bélgica
95%
173Finlandia
95%
174Países Bajos
95%
172Portugal
94%
172Noruega
93%
174Austria
92%
172Polonia
92%
172Dinamarca
91%
172Grecia
91%
173Irlanda
89%
174Luxemburgo
88%
171República Checa
85%
172Hungría
81%
171Corea del Sur
80%
171Singapur
72%
176Emiratos Árabes Unidos
56%

Distribución de puntuación

Porcentaje por número respondido

Porcentaje de gente con cada puntuación

Historial de tus puntuaciones

No has intentado esta prueba desde el último reinicio